Normal view
MARC view
- cyber Warfare
Entry Topical Term
001 - CONTROL NUMBER
- control field: 6650
003 - CONTROL NUMBER IDENTIFIER
- control field: JO-AjAnu
005 - DATE AND TIME OF LATEST TRANSACTION
- control field: 20230606071358.0
008 - FIXED-LENGTH DATA ELEMENTS
- fixed length control field: 230606|| aca||aabn | a|a d
040 ## - CATALOGING SOURCE
- Original cataloging agency: JO-AjAnu
- Transcribing agency: JO-AjAnu
150 ## - HEADING--TOPICAL TERM
- Topical term or geographic name entry element: cyber Warfare
670 ## - SOURCE DATA FOUND
- Source citation: Work cat.: (JO-AjAnu)3445: cunningham,chase, author 6649, cyber Warfare-Truth, Tactics, and strategies:strategic concepts and truths to help you and your organization survive on the battleground of warfare